Statistiques concernant Culture générale par lettre - Q.

Cliquez ici pour prendre le quiz!

Statistiques générales

  • Ce quiz a été pris 1 789 fois
  • Le résultat moyen est 11 sur 15

Statistiques - réponses

QuestionsRéponses% Correct
La moitié de la moitié.Le Quart.
96%
Sa capitale est Doha.Qatar
96%
Prénom du réalisateur de Kill Bill nommé Tarantino.Quentin
94%
Groupe de rock britannique, originaire de Londres, formé en 1970 par Freddie Mercury.Queen
92%
Le but est d'en faire tomber 10 aux bowling.Quilles
92%
Ville fondée en 1608 située sur le fleuve Saint-Laurent, dans une province canadienne du même nom, essentiellement francophone.Quebec
88%
Prénom du bossu de notre dame.Quasimodo
86%
Sport mixte de balle, issu de l'univers imaginaire de J. K. Rowling pour la saga Harry Potter.Quidditch
77%
Jeu télévisé diffusé sur France 3, présenté par Samuel Étienne depuis 2016.Question pour un champion
76%
Nom du muscle le plus volumineux du corps humain, situé sur l'avant de la cuisse.Quadriceps
75%
Vouloir en Espagnol.Querer
68%
Poste offensif au football américain, il est placé derrière sa ligne offensive et dirige l'attaque.Quarterback
58%
Antojito (en-cas) que l'on trouve au Mexique et dans toute l'Amérique centrale et dans la cuisine tex-mex.Quesadilla
46%
Nom de famille de la "femme médecin" dans une série des années 90, se déroulant à Colorado Springs.Dr Quinn
42%
Petite prune violette qui mûrit dès mi-août, l'un des sous-cultivars du prunier de DamasQuetsche
31%

Distribution des résultats

Percentile par nombre de réponses

% des personnes avec chaque résultat

Votre développement - résultats

Vous n’avez pas pris ce quiz